000 00348nam a22001217a 4500
008 160503b xxu||||| |||| 00| 0 eng d
020 _a9780721604978
020 _a0721604978
041 _aeng
080 _a61
245 _aSurgical technology principlea and practice:
_cJoanna Kotcher Fuller:Christina L. Baumer; Nancy H. Wright;
942 _2udc
_cBK
999 _c1754
_d1754